000 00485nam a2200169 i 4500
001 96822
003 ES-MaACL
005 20230906182001.0
007 t|
008 050701s1961 sp ||||1| spa d
100 1 _aMangrané Escardo, Daniel.
_976020
245 1 3 _aEl aceite de oliva de España /
_cDaniel Mangrané Escardo.
260 _aMadrid :
_bEspasa-Calpe,
_c1961.
300 _a126 p. ;
_c18 cm.
650 4 _aAceite de oliva-
_zEspaña.
_9171212
852 _aES-MaACL
_jC-20205
999 _c96822
_d96822